[Event "New Delhi Parsvnath op 6th"]
[Site "New Delhi"]
[Date "2008.01.13"]
[Round "1"]
[White "Nirbhay, Nanda"]
[Black "Darban Vaighani, Morteza"]
[Result "0-1"]
[WhiteElo "1877"]
[BlackElo "2401"]
[PlyCount "98"]
[EventDate "2008.01.13"]
[EventType "swiss"]
[EventRounds "10"]
[EventCountry "IND"]
[SourceTitle "CBM 122 Extra"]
[Source "ChessBase"]
[SourceDate "2008.03.04"]
[SourceVersion "1"]
[SourceVersionDate "2008.03.04"]
[SourceQuality "1"]

1. e4 c5 2. Nf3 d6 3. d4 cxd4 4. Nxd4 Nf6 5. Nc3 Nc6 6. Bb5 Bd7 7. Nxc6 bxc6 8. Bd3 g6 9. 0-0 Bg7 10. h3 0-0 11. Be3 Bc8 12. Qd2 Re8 13. Bh6 Bh8 14. Rad1 Qa5 15. Rfe1 Nd7 16. Be3 Rb8 17. Rb1 Rxb2 18. Ne2 Qxd2 19. Bxd2 Rxa2 20. Bc3 Bxc3 21. Nxc3 Ra3 22. Ne2 Nc5 23. Ra1 Nxd3 24. cxd3 Rxd3 25. Rxa7 Rd2 26. Ra8 Kf8 27. Ng3 e5 28. Rb1 Be6 29. Rxe8+ Kxe8 30. Re1 c5 31. Nf1 Rd4 32. f3 f5 33. exf5 gxf5 34. Ne3 Kf7 35. Rd1 Rxd1+ 36. Nxd1 d5 37. Kf2 d4 38. g3 e4 39. f4 Bb3 40. Ke2 Bxd1+ 41. Kxd1 h5 42. h4 c4 43. Kd2 d3 44. Kc1 c3 45. Kd1 e3 46. g4 hxg4 47. h5 g3 48. h6 g2 49. h7 g1Q# 0-1